| 000 | 00864nas a2200265 4500 | ||
|---|---|---|---|
| 001 | BR0901031 | ||
| 003 | BR-BrBNA | ||
| 005 | 20231205113142.0 | ||
| 007 | ta | ||
| 008 | 230509b bl.|||p| |||| 00| 00por d | ||
| 040 |
_aBR-BrBNA _bpor _cBiblioteca Nacional de Agricultura |
||
| 041 | _a(Pt) | ||
| 072 | _aL70 | ||
| 100 | 1 | _aSilva, G.P.da | |
| 100 | 1 | _aMarques, S.M.T. | |
| 245 | 1 | _aImpacto dos maus odores decorrentes da suinocultura na saúde de moradores rurais no município de concórdia , Santa Catarina , Brasil | |
| 650 | _aSUÍNOCULTURA | ||
| 650 | _aODOR | ||
| 650 | _aSINTOMA | ||
| 650 | _aGORDURA ANIMAL | ||
| 650 | _aANÁLISE ORGANOLEPTICA | ||
| 773 | 0 |
_tRevista de Ciências Agroveterinárias (Brazil) _xISSN 1676-9732 _g(Jul-Dec 2004), v. 3(2) p. 135-141 _wBR0901031 |
|
| 909 |
_a202311 _bLúcia _c55 _dLúcia Elande |
||
| 942 |
_2AGRIS _n0 _cANA |
||
| 999 |
_c202139 _d202139 |
||